Estadísticas para Población India en Ultramar

Haz click aquí para intentar la prueba.

Estadísticas generales

  • Esta prueba ha sido intentada 810 veces
  • La puntuación promedio es 6 de 9

Estadísticas de respuestas

#País% Correcto
4.0 MEstados Unidos
96%
1.5 MReino Unido
92%
1.2 MCanadá
87%
3.0 MArabia Saudita
59%
2.9 MEmiratos Árabes Unidos
55%
2.9 MMalasia
46%
2.0 MNepal
42%
1.3 MSudáfrica
39%
1.1 MMyanmar
35%

Distribución de puntuación

Porcentaje por número respondido

Porcentaje de gente con cada puntuación

Historial de tus puntuaciones

No has intentado esta prueba.